LEADER 02321nam 2200661Ia 450 001 9910452001503321 005 20200520144314.0 010 $a0-8157-5216-4 010 $a0-8157-9637-4 035 $a(CKB)2550000000103750 035 $a(OCoLC)614577992 035 $a(CaPaEBR)ebrary10063914 035 $a(SSID)ssj0000737139 035 $a(PQKBManifestationID)12330518 035 $a(PQKBTitleCode)TC0000737139 035 $a(PQKBWorkID)10782572 035 $a(PQKB)11170008 035 $a(SSID)ssj0000142574 035 $a(PQKBManifestationID)11911864 035 $a(PQKBTitleCode)TC0000142574 035 $a(PQKBWorkID)10096899 035 $a(PQKB)11329289 035 $a(MiAaPQ)EBC3004432 035 $a(OCoLC)1017610982 035 $a(MdBmJHUP)muse61401 035 $a(Au-PeEL)EBL3004432 035 $a(CaPaEBR)ebr10063914 035 $a(OCoLC)55942256 035 $a(EXLCZ)992550000000103750 100 $a20041018d2004 my 0 101 0 $aeng 135 $aurcn||||||||| 181 $ctxt 182 $cc 183 $acr 200 10$aEast Asian economic regionalism$b[electronic resource] /$fEdward J. Lincoln 210 $aNew York $cCouncil on Foreign Relations ;$aWashington, D.C. $cBrookings Institution Press$dc2004 215 $a1 online resource (301 p.) 300 $aBibliographic Level Mode of Issuance: Monograph 311 $a9780815752164 311 $a0-8157-5217-2 320 $aIncludes bibliographical references and index. 327 $aIntroduction -- Characteristics of the East Asian region -- Trade links -- Investment links -- Broad regional institutions -- The East Asian alternatives -- More exclusive trade alternatives -- East Asian monetary cooperation -- Regional leadership -- Conclusion and U.S. policy recommendations. 606 $aRegionalism$zEast Asia 607 $aEast Asia$xEconomic integration 607 $aEast Asia$xForeign economic relations 607 $aEast Asia$xCommercial policy 608 $aElectronic books. 615 0$aRegionalism 676 $a337.1/5 700 $aLincoln$b Edward J$0124442 801 0$bMiAaPQ 801 1$bMiAaPQ 801 2$bMiAaPQ 906 $aBOOK 912 $a9910452001503321 996 $aEast Asian economic regionalism$91108461 997 $aUNINA LEADER 01774nam a22003131 4500 001 991002294259707536 005 20000203 008 070328s1556 fr 000 0 lat d 035 $ab13505324-39ule_inst 040 $aDip.to Studi Giuridici$bita 041 1 $alat 100 0 $aEnrico :$cda Susa$0287425 245 10$aHenrici Cardinalis Hostiensis Summa aurea . Interiectae recens fuere eruditae ex Summa F. Martini Abbatis, I. V. D. celeberrimi, Alonis et Accursii (ut ferunt) coetanei, adnotationes: Accessere rerum capita, adnotamentaque Nicolai Superantii ac locupletissimus index 260 $aLugduni :$b[Compagnie des libraires de Lyon],$c1556 (Lugduni : excudebat Claudius Seruanius) 300 $a[1], 448, [12] c. :$bill. ;$cfol. (41 cm.) 500 $aSegn.: a-z8 aa-zz8 Aa-Kk8 AA-BB6 500 $aNome dell'editore: Compagnie des libraires de Lyon. Sul front. marca dell'editore (Leone rampante in cornice arch. figurata) 500 $aTesto su due colonne, iniziali e fregi xil. ornati, car. got., alla c. 57v. illustrato arbor bigamiae, bianca l'ultima c. 700 $aMartinus : Polonus 700 0 $aAccursius 700 0 $aAzzone 700 1 $aServanio, Claudio$eed 740 0 $aSumma aurea 907 $a.b13505324$b16-10-07$c28-03-07 912 $a991002294259707536 945 $aLE027 F/A I A 09$g1$lle027$op$pE1,700.00$q-$rn$so $t0$u0$v0$w0$x0$y.i14450860$z15-05-07 996 $aHenrici Cardinalis Hostiensis Summa aurea . Interiectae recens fuere eruditae ex Summa F. Martini Abbatis, I. V. D. celeberrimi, Alonis et Accursii (ut ferunt) coetanei, adnotationes: Accessere rerum capita, adnotamentaque Nicolai Superantii ac locupletissimus index$91096999 997 $aUNISALENTO 998 $ale027$b28-03-07$cm$da $eo$flat$gfr $h0$i0